Stoke City Squad 2014-2015 - Statistics

General Stats
  • This quiz has been taken 10 times
  • The average score is 17 of 28
Answer Stats
# Position Nation Player % Correct
1 GK Bosnia and Herzegovina Asmir Begović
100%
7 MF Ireland Stephen Ireland
90%
8 MF Honduras Wilson Palacios
90%
27 FW Spain Bojan Krkić
80%
3 DF Netherlands Erik Pieters
80%
10 FW Austria Marko Arnautović
80%
2 DF Scotland Phil Bardsley
80%
4 DF Germany Robert Huth
80%
20 DF United States Geoff Cameron
70%
6 MF Ireland Glenn Whelan
70%
19 FW Ireland Jonathan Walters
70%
18 FW Senegal Mame Diouf
70%
5 DF Spain Marc Muniesa
70%
- Coach Wales Mark Hughes
70%
15 MF France Steven N'Zonzi
70%
16 MF Scotland Charlie Adam
60%
25 FW England Peter Crouch
60%
22 GK England Jack Butland
50%
17 DF England Ryan Shawcross
50%
24 FW Morocco Oussama Assaidi
40%
9 FW Nigeria Peter Odemwingie
40%
26 DF Germany Philipp Wollscheid
40%
29 GK Denmark Thomas Sørensen
40%
13 FW Nigeria Victor Moses
40%
12 DF Ireland Marc Wilson
30%
28 DF England Andy Wilkinson
10%
23 DF Slovakia Dionatan Teixeira
10%
21 MF England Steve Sidwell
10%
No matching quizzes found
Score Distribution
Percent of People with Each Score
Percentile by Number Answered
Your Score History
You have not taken this quiz